| 000 | 00538nam a2200169Ia 4500 | ||
|---|---|---|---|
| 999 |
_c9736 _d9736 |
||
| 020 | _a1856286819 | ||
| 082 | _a338.95492 HER-S | ||
| 100 | _aHerbon, Dietmar | ||
| 245 | 0 | _aSocio-economic dynamics in rural Bangladesh:the individual and societal effects of opportunities and obstacles | |
| 260 |
_aAldershot _bAvebury _c1994 |
||
| 300 | _a386p | ||
| 504 | _aincludes references | ||
| 650 |
_aSocio-economic dynamics _vRural |
||
| 650 |
_aBangladesh _vIndustrial development |
||
| 650 |
_aBangladesh _vSocial development |
||
| 942 |
_cBK _2ddc |
||